Stochastické modelovanie rizika poistných operácií habilitačná práca

Salvato in:
Dettagli Bibliografici
Autore principale: Skřivánková, Valéria
Ente Autore: Ekonomická univerzita v Bratislave. Fakulta hospodárskej informatiky
Natura: Libro
Lingua:slovacco
Pubblicazione: Bratislava 2008
Soggetti:
Tags: Aggiungi Tag
Nessun Tag, puoi essere il primo ad aggiungerne!!

MARC

LEADER 00000nam$a2200000$$$4500
001 0085662
005 20240109071101.7
041 0 |a slo 
044 |a SK 
245 1 0 |a Stochastické modelovanie rizika poistných operácií  |b habilitačná práca  |c Valéria Skřivánková 
264 1 |a Bratislava  |c 2008 
300 |a 101 s. 
610 2 0 |a operácie poistné 
610 2 0 |a riziko poistné 
610 2 0 |a modelovanie 
610 2 0 |a modelovanie ekonometrické 
610 2 0 |a modely stochastické 
100 1 |a Skřivánková, Valéria 
710 2 |a Ekonomická univerzita v Bratislave. Fakulta hospodárskej informatiky